[Event "Palic Karadzic Memorial op"]
[Site "Palic"]
[Date "2016.11.03"]
[Round "8"]
[White "Sente, Damir"]
[Black "Pletl, Akos"]
[Result "1/2-1/2"]
[WhiteElo "2099"]
[BlackElo "2222"]
[PlyCount "81"]
[EventDate "2016.10.29"]
[EventType "swiss"]
[EventRounds "9"]
[EventCountry "SRB"]
[SourceTitle "CBM 175 Extra"]
[Source "ChessBase"]
[SourceDate "2016.12.12"]
[SourceVersion "1"]
[SourceVersionDate "2016.12.12"]
[SourceQuality "1"]

1. d4 d5 2. Nf3 c6 3. c4 e6 4. cxd5 exd5 5. Nc3 Bd6 6. Bg5 Qb6 7. Qd2 Bf5 8. e3 Nd7 9. Bh4 Ngf6 10. Bg3 Bb4 11. Bd3 Ne4 12. Qc2 Ndf6 13. 0-0 Nxg3 14. hxg3 Bxd3 15. Qxd3 0-0 16. a3 Bd6 17. b4 a6 18. Na4 Qb5 19. Nb2 Ne4 20. Rfb1 Qb6 21. Na4 Qd8 22. Nc5 Qe7 23. Qc2 h5 24. a4 Rac8 25. Nd3 g6 26. Qb2 Kg7 27. Rc1 Ng5 28. Nxg5 Qxg5 29. Ne1 Qf6 30. Nf3 g5 31. Ne5 Qe6 32. Nf3 Qf6 33. Ne5 Rfe8 34. Nd7 Qe7 35. Nc5 h4 36. g4 Bb8 37. Qe2 Rcd8 38. b5 axb5 39. axb5 Rd6 40. bxc6 Rxc6 41. Qf3 1/2-1/2

[Event "Palic Karadzic Memorial op"]
[Site "Palic"]
[Date "2016.10.31"]
[Round "4"]
[White "Mihov, Filip"]
[Black "Pletl, Akos"]
[Result "0-1"]
[WhiteElo "2116"]
[BlackElo "2222"]
[PlyCount "154"]
[EventDate "2016.10.29"]
[EventType "swiss"]
[EventRounds "9"]
[EventCountry "SRB"]
[SourceTitle "CBM 175 Extra"]
[Source "ChessBase"]
[SourceDate "2016.12.12"]
[SourceVersion "1"]
[SourceVersionDate "2016.12.12"]
[SourceQuality "1"]

1. d4 d5 2. c4 c6 3. cxd5 Qxd5 4. Nc3 Qa5 5. Bf4 Nf6 6. Nf3 Bf5 7. Qb3 Qb6 8. Qxb6 axb6 9. Nd2 Na6 10. Rc1 b5 11. e4 Bd7 12. f3 e6 13. g4 Bb4 14. Bd3 0-0 15. Kf2 Ba5 16. Nb3 Bb6 17. Rhd1 Rfe8 18. Kg2 Bc7 19. Be3 Red8 20. Bb1 e5 21. dxe5 Bxe5 22. Bb6 Nc7 23. Nc5 Be6 24. Nd3 Bxc3 25. Bxc7 Rd7 26. Bb6 Bd4 27. Bxd4 Rxd4 28. Nc5 Rad8 29. Rxd4 Rxd4 30. b3 Rd2+ 31. Kg3 Bc8 32. Kf4 Kf8 33. h4 Ke7 34. Ke3 Rh2 35. h5 b6 36. Nd3 c5 37. Nf4 h6 38. e5 Nd7 39. Nd5+ Ke6 40. Nc7+ Kxe5 41. f4+ Kd6 42. Nxb5+ Ke7 43. Re1 Nf6 44. Kf3+ Kf8 45. Kg3 Rd2 46. f5 Bb7 47. Rg1 Bc6 48. Nc3 b5 49. Kf4 Rd4+ 50. Kg3 Rxg4+ 51. Kf2 Rxg1 52. Kxg1 b4 53. Na4 Bxa4 54. bxa4 Ke7 55. Kf2 Kd6 56. Bd3 Kc6 57. Bb5+ Kb6 58. Bc4 Ne4+ 59. Ke3 Nd6 60. Bd5 Nxf5+ 61. Kf4 Nd6 62. Ke5 Kc7 63. Bb3 g6 64. Kd5 Nb7 65. Ke5 gxh5 66. Bxf7 h4 67. Bd5 Kb6 68. Bg2 Na5 69. Kf4 Nc4 70. Ke4 Nb2 71. a5+ Kxa5 72. Kd5 c4 73. Be4 Ka4 74. Kc5 Ka3 75. Kb5 h3 76. Bd5 h2 77. Kc5 c3 0-1

[Event "Senta op-A 16th"]
[Site "Senta"]
[Date "2012.07.19"]
[Round "7"]
[White "Banovic, Ivan"]
[Black "Pletl, Akos"]
[Result "1/2-1/2"]
[WhiteElo "2072"]
[BlackElo "2251"]
[PlyCount "81"]
[EventDate "2012.07.14"]
[EventType "swiss"]
[EventRounds "9"]
[EventCountry "SRB"]
[SourceTitle "CBM 149 Extra"]
[Source "ChessBase"]
[SourceDate "2012.08.24"]
[SourceVersion "1"]
[SourceVersionDate "2012.08.24"]
[SourceQuality "1"]

1. d4 d5 2. Nf3 Nf6 3. c4 e6 4. Nc3 c6 5. cxd5 exd5 6. Bg5 Be7 7. Qc2 Nbd7 8. e3 0-0 9. Bd3 Re8 10. 0-0 h6 11. Bh4 Ne4 12. Bxe7 Qxe7 13. Bxe4 dxe4 14. Nd2 f5 15. Rab1 Nf6 16. b4 a6 17. a4 Be6 18. Ne2 Nd5 19. Qc5 Qg5 20. Nc4 h5 21. Nb6 Nxb6 22. Qxb6 Bc4 23. Rfe1 Bxe2 24. Rxe2 Re7 25. b5 cxb5 26. axb5 axb5 27. Qxb5 h4 28. h3 Kh7 29. Reb2 Ra6 30. Qf1 f4 31. exf4 Qxf4 32. Rxb7 Rxb7 33. Rxb7 Rc6 34. Rb1 Rc2 35. Rd1 Qg5 36. d5 Rd2 37. d6 Qd5 38. Rxd2 Qxd2 39. Qc4 Qd1+ 40. Kh2 Qxd6+ 41. Kg1 1/2-1/2

[Event "Senta op-A 16th"]
[Site "Senta"]
[Date "2012.07.17"]
[Round "5"]
[White "Pletl, Akos"]
[Black "Manojlovic, Sava"]
[Result "1/2-1/2"]
[WhiteElo "2251"]
[BlackElo "2077"]
[PlyCount "87"]
[EventDate "2012.07.14"]
[EventType "swiss"]
[EventRounds "9"]
[EventCountry "SRB"]
[SourceTitle "CBM 149 Extra"]
[Source "ChessBase"]
[SourceDate "2012.08.24"]
[SourceVersion "1"]
[SourceVersionDate "2012.08.24"]
[SourceQuality "1"]

1. d4 Nf6 2. c4 e6 3. Nc3 c5 4. d5 exd5 5. cxd5 d6 6. e4 a6 7. a4 g6 8. f4 Bg7 9. Nf3 0-0 10. Bd3 Bg4 11. 0-0 Nbd7 12. h3 Bxf3 13. Qxf3 Qc7 14. Be3 Rfe8 15. Bf2 Rab8 16. Rfe1 Qa5 17. Bf1 Rbc8 18. Bg3 Nh5 19. Bh2 Bd4+ 20. Kh1 Ng7 21. g4 f6 22. h4 Rf8 23. Bh3 g5 24. Rab1 Rce8 25. h5 Re7 26. Ne2 Qb4 27. h6 Ne8 28. Nxd4 cxd4 29. Rbd1 Nc7 30. Qf2 d3 31. Bg2 Nc5 32. fxg5 Nxe4 33. Bxe4 Rxe4 34. Rxe4 Qxe4+ 35. Qg2 Qb4 36. Qd2 Qxg4 37. Qxd3 fxg5 38. Rg1 Qh5 39. Qe3 Rf5 40. Qe7 Ne8 41. Re1 Qf3+ 42. Kg1 Qf2+ 43. Kh1 Qf3+ 44. Kg1 1/2-1/2

[Event "Senta op-A 15th"]
[Site "Senta"]
[Date "2011.07.19"]
[Round "5"]
[White "Vucinic, Gojko"]
[Black "Pletl, Akos"]
[Result "0-1"]
[WhiteElo "2081"]
[BlackElo "2244"]
[PlyCount "60"]
[EventDate "2011.07.16"]
[EventType "swiss"]
[EventRounds "9"]
[EventCountry "SRB"]
[SourceTitle "CBM 143 Extra"]
[Source "ChessBase"]
[SourceDate "2011.08.29"]
[SourceVersion "1"]
[SourceVersionDate "2011.08.29"]
[SourceQuality "1"]

1. e4 e5 2. Nf3 Nc6 3. Bb5 a6 4. Ba4 d6 5. 0-0 Bd7 6. c3 g6 7. d4 Nge7 8. Be3 Bg7 9. d5 Nb8 10. Bxd7+ Nxd7 11. c4 0-0 12. Nc3 h6 13. Nd2 f5 14. f3 f4 15. Bf2 g5 16. b4 h5 17. c5 Rf6 18. Nc4 b6 19. Qe2 Rg6 20. Rfc1 g4 21. cxb6 cxb6 22. Rc2 g3 23. Be1 gxh2+ 24. Kxh2 h4 25. Bxh4 Rh6 26. g3 Ng6 27. Kg1 Nxh4 28. gxh4 Rc8 29. Nd1 Qxh4 30. Qg2 Qe1+ 0-1